| 000 | 00365nam a22001577a 4500 | ||
|---|---|---|---|
| 003 | OSt | ||
| 008 | 250211b |||||||| |||| 00| 0 eng d | ||
| 041 | _aeng | ||
| 082 |
_a005.13 _bRAM/PR |
||
| 100 |
_aRamkumar _96005 |
||
| 245 | _aProgramming with Fortran 77 | ||
| 250 | _a15th | ||
| 260 |
_aNew Delhi: _bTata McGraw Hill, _c1996. |
||
| 300 | _a386p. | ||
| 942 | _cBK | ||
| 999 |
_c19352 _d19352 |
||